000 01058nam a2200325 i 4500
003 EG-GICUC
005 20260127113143.0
008 260127s1918 us ||||fr|||| 000 0 eng d
040 _aEG-GiCUC
_beng
_cEG-GiCUC
_dEG-GiCUC
_erda
041 _aeng
082 0 4 _221
_a341.71
_bSC . P
092 0 4 _221
099 _aLaw1 11 341.71 SC . P 1918
245 0 0 _aPresident Wilson's Foreign Policy :
_bMessages, Addresses, Papers /
_cBy James Brown Scott.
264 1 _aNew York :
_bOxford University Press,
_c1918.
300 _a424 pages,
_c24 cm
_billustrations,
336 _2rda content
_atext
337 _2rda media
_aComputer
338 _2rda carrier
_aOnline Resource
500 _aIncludes appendices.
504 _aBibliography: pages 200-250.
546 _aText in English
650 1 4 _aInternational Politics
_2qrmak
650 1 4 _aPublic international law
_2qrmak
651 1 _2qrmak
700 1 _a Scott, James Brown
_eeditor.
856 4 0 _uhttps://fll.law.cu.edu.eg/fulltext/bks/B11-06881.pdf
905 _a79
942 _2ddc
_cBK
_e21
_n0
999 _c59571
_d59571